El contrabando como delito fiscal /

Guardado en:
Bibliografiske detaljer
Hovedforfatter: Millán González, Arturo (autor)
Format: Bog
Sprog:spansk
Udgivet: México : ISEF, 2007, c2007
Fag:
Tags: Tilføj Tag
Ingen Tags, Vær først til at tagge denne postø!

MARC

LEADER 00000nam^a2200000^a^4500
001 000193888
005 20250521000000.0
009 20260310102657.813
020 |a 970-811-000-0 
037 |a Acervo ITESO - Biblioteca 
041 |a ESP 
082 |a 345. 720233  |b MIL 
100 |a Millán González, Arturo  |e (autor) 
245 1 3 |a El contrabando como delito fiscal /  |c A. Millán González. 
246 2 |a Título en la cubierta: El contrabando como delito fiscal 2007 y la defraudación fiscal en que se incurre simultáneamente 
264 4 |a México :  |b ISEF,  |c 2007, c2007 
300 |a 116 p. 
336 |a texto  |b txt  |2 rdacontenido 
337 |a sin mediación  |b n  |2 rdamedio 
338 |a volumen  |b nc  |2 rdasoporte 
649 |a XX 
650 |a Aranceles -  |z México -  |x Aspectos Jurídicos 
650 |a Contrabando -  |z México -  |x Tema Principal 
650 |a Evasión Fiscal -  |z México -  |x Tema Principal 
650 |a Delitos -  |z México 
650 |a Derecho Aduanero -  |z México 
650 |a Derecho Fiscal -  |z México 
650 |a Derecho Mercantil -  |z México 
650 |a Derecho Financiero -  |z México 
650 |a Derecho Económico -  |z México 
650 |a Derecho Penal -  |z México 
650 |a Derecho Público -  |z México 
910 |a Fondo General 
920 |a Impresos - Libros 
930 |a Colección General 
905 |a 101 
901 |a 0500138778  |b IT1  |c ACC  |u 20250521 
902 |a https://opac.biblio.iteso.mx/vufind/Record/000193888